000 00350nam a2200157Ia 4500
008 221030s9999 xx 000 0 und d
020 _a8120325648
041 _aEnglish
082 _a105.23
100 _aNIIT
245 0 _aIntroduction to Operational Amplifiers
260 _bPHI
_aNew Delhi
_c2006
300 _a232
650 _aECE
942 _cBK
999 _c704
_d704